Termínové korunové obchody - empirická studie
Teoretický základ termínových cien a ich súvislostí s úrokovými mierami. Ekonometrický model pre termínové kurzy. Zhodnotenie dosiahnutých výsledkov metódou najmenších štvorcov. Závery na základe výsledkov.
Salvato in:
| Autore principale: | |
|---|---|
| Natura: | Capitolo di libro |
| Lingua: | ceco |
| Soggetti: | |
| Tags: |
Nessun Tag, puoi essere il primo ad aggiungerne!!
|
MARC
| LEADER | 00000naa a2200000 4500 | ||
|---|---|---|---|
| 001 | r032746 | ||
| 005 | 20230929092259.7 | ||
| 041 | 0 | |a cze | |
| 044 | |a CZ | ||
| 245 | 1 | 0 | |a Termínové korunové obchody - empirická studie |c Martin Hlušek |
| 520 | |a Teoretický základ termínových cien a ich súvislostí s úrokovými mierami. Ekonometrický model pre termínové kurzy. Zhodnotenie dosiahnutých výsledkov metódou najmenších štvorcov. Závery na základe výsledkov. | ||
| 610 | 2 | 0 | |a obchody termínové |
| 610 | 2 | 0 | |a koruna |
| 610 | 2 | 0 | |a Česko |
| 610 | 2 | 0 | |a kurz menový |
| 610 | 2 | 0 | |a modely ekonometrické |
| 610 | 2 | 0 | |a metóda štvorcov najmenších |
| 100 | 1 | |a Hlušek, Martin | |